LEADER 02648nam0 22005413i 450 001 PAL0275547 005 20251003044307.0 010 $a9788882414436 100 $a20141201d2014 ||||0itac50 ba 101 | $aita 102 $ait 181 1$6z01$ai $bxxxe 182 1$6z01$an 200 1 $aˆLa ‰Sicilia cattolica di fronte al problema dell'unità d'Italia$fa cura di Salvatore Vacca e Rosanna Marsala 210 $aCaltanissetta$aRoma$c Salvatore Sciascia$d2014 215 $a321 p.$d21 cm 225 | $aStoria e cultura di Sicilia$v32 300 $aAtti del Convegno tenuto a Palermo nel 2011. 410 0$1001IEI0148757$12001 $aStoria e cultura di Sicilia$v32 606 $aRisorgimento italiano$xSicilia$xRuolo [dei] Cattolici$xAtti di congressi$2FIR$3PALC130545$9N 676 $a261.7$9CRISTIANESIMO E POLITICA$v21 676 $a945.8083$9Storia della Sicilia. 1815-1861$v22 676 $a945.8083$9STORIA. Sicilia. 1815-1861$v23 686 $aIT/042.5/CAT$cPARTITI E MOVIMENTI POLITICI CATTOLICI ITALIA 1900-1918$2R 686 $aSIC/X5.2$cPOLITICA E CULTURA SICILIA$2R 686 $aX0.1/STURZO,LUIGI$cBIOGRAFIE E SCRITTI SU LUIGI STURZO$2R 686 $aX0.1/STURZO,MARIO$cBIOGRAFIE E SCRITTI SU MARIO STURZO$2R 686 $aX0.8$cATTI DI CONVEGNI CONGRESSI CONFERENZE$2R 696 $aRisorgimento$aAtti congressuali$aAtti di simposi$aAtti di conferenze$aAtti di seminari$aAtti di convegni$aAtti di colloqui 699 $aRisorgimento italiano$yRisorgimento 699 $aAtti di congressi$yAtti congressuali 699 $aAtti di congressi$yAtti di simposi 699 $aAtti di congressi$yAtti di conferenze 699 $aAtti di congressi$yAtti di seminari 699 $aAtti di congressi$yAtti di convegni 699 $aAtti di congressi$yAtti di colloqui 702 1$aVacca$b, Salvatore$f <1959- >$3CFIV134586 702 1$aMarsala$b, Rosanna$3PALV040563 790 1$aVacca$b, Salvatore$c $3PALV050494$zVacca, Salvatore <1959- > 801 3$aIT$bIT-000000$c20141201 850 $aIT-BN0095 $aIT-NA0079 901 $bNAP BN$cMAGAZZINO $nmagazzini correnti divisi per anni 901 $bNAP 01$cBCA $nComprende monografie e periodici di diritto, testi di ingegneria, di scienze e tecnologia di nuova acquisizione. 912 $aPAL0275547 950 0$aBiblioteca Centralizzata di Ateneo$c1 v.$d 01BCA SC. SOCIAL 905$e 01 0000007425 VMA A4 1 v.$fY $h20220620$i20220620 977 $a 01$a BN 996 $aSicilia cattolica di fronte al problema dell'unità d'Italia$9255123 997 $aUNISANNIO